000 00466nam a2200181Ia 4500
008 240510s9999 xx 000 0 und d
020 _a9789555704724
041 _asih
082 _a891.483
082 _bD27
100 _aDESAI, Kiran : Translator : MAHINGODA, Premasiri
245 0 _aParajaye Urumakkarayo : The Inheritance of Loss
260 _bColombo: Samayawardena Publishers
260 _c2008
300 _a426 p.
942 _2ddc
942 _cLBK
999 _c28277
_d28277
945 _a1
_bMadushi Gamage
_c1
_dMadushi Gamage